000 00411nam a22001577a 4500
005 20240108152907.0
008 190528b xxu||||| |||| 00| 0 eng d
020 _a978-93-80064-68-0
041 _aeng
100 _aVYAWAHARE, DR, N. S. AND ITKAR SACHIN C.
_94987
245 _aDRUG, REGULATORY AFFAIRS
250 _a4th , Ed. 2019.
260 _aPUNE
_bNIRALI PRAKASHAN
300 _a14.40 p,
942 _cBK
999 _c5877
_d5875